Jurisprudencia: nulidad del despido

Uloženo v:
Podrobná bibliografie
Korporativní autor: Departamento de Estudios Jurídicos PUNTOLEX (Autor)
Médium: Kniha
Jazyk:španělština
Vydáno: Santiago Puntolex 2009
Témata:
Tagy: Přidat tag
Žádné tagy, Buďte první, kdo vytvoří štítek k tomuto záznamu!

MARC

LEADER 00000nam a2200000 a 4500
001 UCG6402
003 CL-VaPUC
008 110421e20090000CL |||||||||||||||||spa|d
020 |a 9789568541897 
082 0 4 |a 344.8301  |b DEP  |2 21 
110 2 |a Departamento de Estudios Jurídicos PUNTOLEX  |e author  |9 556587 
245 1 0 |a Jurisprudencia: nulidad del despido 
300 |a 312 p 
942 |c BK 
945 |d 20110421 00:00:00  |a jcampos 
260 |a Santiago  |b Puntolex  |c 2009 
650 7 |a DERECHO LABORAL  |2 CL-VaPUC  |9 15 
650 7 |a DESPIDO LABORAL  |2 CL-VaPUC  |9 335326 
650 7 |a TERMINO CONTRATO TRABAJO  |2 CL-VaPUC  |9 556588 
650 0 |a Aspectos jurídicos  |9 328188 
651 7 |a CHILE  |2 CL-VaPUC  |9 556589 
583 |a last modification  |c 20110421 00:00:00  |k Rodrigo Vera 
999 |c 344653  |d 344651 
952 |0 0  |1 0  |4 0  |6 344_830100000000000_DEP_2009  |7 0  |8 A  |9 442727  |a BIBDER  |b BIBDER  |d 2019-11-22  |i 4768353  |l 2  |o 344.8301 DEP 2009  |p 4768353  |r 2023-01-25  |s 2021-08-25  |w 2019-11-22  |y BK  |k DER